Environmental physics
Αποθηκεύτηκε σε:
| Κύριος συγγραφέας: | |
|---|---|
| Μορφή: | Βιβλίο |
| Γλώσσα: | English |
| Δημοσίευση: |
London :
Routledge,
2001
|
| Θέματα: | |
| Ετικέτες: |
Προσθήκη ετικέτας
Δεν υπάρχουν, Καταχωρήστε ετικέτα πρώτοι!
|
MARC
| LEADER | 00000nam a2200000 i 4500 | ||
|---|---|---|---|
| 001 | 1/10810 | ||
| 008 | 101109s2001 eng d | ||
| 020 | |a 978-0-415-20191-9 | ||
| 020 | |a 0-415-20191-8 | ||
| 035 | |l 10109165 | ||
| 040 | |a GR-MY-UA |b gre |e aacr | ||
| 041 | 0 | |a eng | |
| 082 | 0 | |a 530 |2 (22) | |
| 100 | 1 | |a Smith, Clare. | |
| 245 | 1 | 0 | |a Environmental physics / |c Clare Smith |
| 260 | |a London : |b Routledge, |c 2001 | ||
| 300 | |a xii, 304 σ.; |c 24 εκ. | ||
| 504 | |a Περιέχει βιβλιογραφία και ευρετήριο | ||
| 650 | 0 | 0 | |a Physics. |
| 650 | 0 | 0 | |a Environmental sciences. |
| 852 | |a INST |b LESVOS |e 20101109 |h 530 SMI |p 005100049623 |q 005100049623 |t BK |y 0 | ||
| 901 | |a BIBL1-2010-3 | ||
| 909 | |a Λ |b 166691 | ||
| 922 | |a 1ΕΛΗ |b 201010 |c ΤΑΚΤΙΚΟΣ ΒΙΒΛΙΟΘΗΚΗΣ |d ΜΙΧΑΛΟΠΟΥΛΟΣ | ||
| 970 | |a ΤΖΑΦΕΡΗ |b ΕΥΑΓΓΕΛΙΑ |z 2010/11/09 | ||